Digital Evidence And Computer Crime (Record no. 337508)
[ view plain ]
| 000 -LEADER | |
|---|---|
| fixed length control field | 00536nam a2200181Ia 4500 |
| 008 - FIXED-LENGTH DATA ELEMENTS--GENERAL INFORMATION | |
| fixed length control field | 230718s9999 xx 000 0 und d |
| 020 ## - INTERNATIONAL STANDARD BOOK NUMBER | |
| International Standard Book Number | 9789351072546 |
| 041 ## - LANGUAGE CODE | |
| Language code of text/sound track or separate title | eng |
| 082 ## - DEWEY DECIMAL CLASSIFICATION NUMBER | |
| Classification number | 345.064 |
| Item number | CAS |
| 100 ## - MAIN ENTRY--PERSONAL NAME | |
| Personal name | Casey E. |
| 245 ## - TITLE STATEMENT | |
| Title | Digital Evidence And Computer Crime |
| Remainder of title | Forensic Science, Computer And The Internet |
| 250 ## - EDITION STATEMENT | |
| Edition statement | 3rd ed. |
| 260 ## - PUBLICATION, DISTRIBUTION, ETC. (IMPRINT) | |
| Date of publication, distribution, etc. | 2014 |
| Name of publisher, distributor, etc. | Academic Press/Elsevier |
| 300 ## - PHYSICAL DESCRIPTION | |
| Extent | 807 |
| Accompanying material [OBSOLETE, CAN/MARC] | Ref 1544 C (48698) |
| 365 ## - TRADE PRICE | |
| Currency code | Rs. |
| Price amount | 625.00 |
| 700 ## - ADDED ENTRY--PERSONAL NAME | |
| Personal name | Casey E. |
| 906 ## - LOCAL DATA ELEMENT F, LDF (RLIN) | |
| d | O:0405805-Aug-2014B:7330-Jul-2014 |
| c | COMP |
| b | 3900 |
| Withdrawn status | Lost status | Damaged status | Not for loan | Home library | Current library | Date acquired | Vendor | Budget Code | Cost, normal purchase price | Bill number | Total Checkouts | Full call number | Barcode | Date last seen | Discount | Cost, replacement price | Bill Date | Koha item type | Original Barcode |
|---|---|---|---|---|---|---|---|---|---|---|---|---|---|---|---|---|---|---|---|
| Cummins College of Engineering for Women Pune | Cummins College of Engineering for Women Pune | 05/08/2014 | ARM Book Bazar | COMP | 462.50 | 73 | 345.064 | CCEP-BK-48715 | 18/07/2023 | 3900 | 625.00 | 30/07/2014 | Books | 048715 |